Основы теории надежности и диагностика: учебник для вузов

Bibliographic Details
Main Author: Яхьяев Н. Я. Насредин Ячьяевич
Other Authors: Кораблин А. В. Анатолий Викторович
Summary:Изложены основы теории надежности и диагностики применительно к наиболее емкой составляющей системы человек — автомобиль — дорога — среда. Представлены основные сведения о качестве и надежности автомобиля как технической системы. Даны основные термины и определения, приведены показатели надежности сложных и расчлененных систем и методы их расчета. Уделено внимание физическим основам надежности автомобиля, методам обработки информации о надежности и методам испытания на надежность. Показаны место и роль диагностирования в системе технического обслуживания и ремонта автомобилей в современных условиях. Для студентов высших учебных заведений.
Language:Russian
Published: Москва, Академия, 2009
Series:Высшее профессиональное образование. Транспорт
Subjects:
Format: Book
KOHA link:https://koha.lib.tpu.ru/cgi-bin/koha/opac-detail.pl?biblionumber=164221

MARC

LEADER 00000nam0a2200000 4500
001 164221
005 20231101222445.0
010 |a 9785769557347 
035 |a (RuTPU)RU\TPU\book\178174 
090 |a 164221 
100 |a 20090902d2009 m y0rusy50 ca 
101 0 |a rus 
102 |a RU 
105 |a y j 001zy 
200 1 |a Основы теории надежности и диагностика   |e учебник для вузов  |f Н. Я. Яхьяев, А. В. Кораблин 
210 |a Москва  |c Академия  |d 2009 
215 |a 256 с. 
225 1 |a Высшее профессиональное образование. Транспорт 
320 |a Библиогр.: с. 247-248. 
330 |a Изложены основы теории надежности и диагностики применительно к наиболее емкой составляющей системы человек — автомобиль — дорога — среда. Представлены основные сведения о качестве и надежности автомобиля как технической системы. Даны основные термины и определения, приведены показатели надежности сложных и расчлененных систем и методы их расчета. Уделено внимание физическим основам надежности автомобиля, методам обработки информации о надежности и методам испытания на надежность. Показаны место и роль диагностирования в системе технического обслуживания и ремонта автомобилей в современных условиях. Для студентов высших учебных заведений. 
606 1 |a Надежность  |x Теория  |2 stltpush  |3 (RuTPU)RU\TPU\subj\44771  |9 64051 
606 1 |a Автомобили  |x Надежность  |2 stltpush  |3 (RuTPU)RU\TPU\subj\997  |9 29800 
610 1 |a продукция 
610 1 |a качество 
610 1 |a теория надежности 
610 1 |a понятия 
610 1 |a термины 
610 1 |a изделия 
610 1 |a эксплуатационные данные 
610 1 |a сбор 
610 1 |a анализ 
610 1 |a обработка 
610 1 |a сложные системы 
610 1 |a технические системы 
610 1 |a функционирование 
610 1 |a математические модели 
610 1 |a жизненный цикл 
610 1 |a производство 
610 1 |a научно-техническая подготовка 
610 1 |a автотранспорт 
610 1 |a конструктивные элементы 
610 1 |a эксплуатация 
610 1 |a изменения 
610 1 |a физическая сущность 
610 1 |a техническое обслуживание 
610 1 |a ремонт 
610 1 |a диагностирование 
610 1 |a учебники 
675 |a 62-192(075.8)  |v 3 
675 |a 629.113-192(075.8)  |v 3 
700 1 |a Яхьяев  |b Н. Я.  |g Насредин Ячьяевич 
701 1 |a Кораблин  |b А. В.  |g Анатолий Викторович 
801 1 |a RU  |b 63413507  |c 20090902 
801 2 |a RU  |b 63413507  |c 20150529  |g RCR 
900 |a Теория надежности 
900 |a Теория надежности технических систем и проектирование 
900 |a Основы теории надежности и диагностика 
900 |a Надежность электрооборудования автомобилей и тракторов 
900 |a Контрольно-диагностическое и испытательное оборудование автомобилей 
942 |c BK 
951 |b 190601 
959 |a 88/20090901  |d 2  |e 249,70  |f АНЛ:1  |f ЧЗТЛ:1